Nigerian journal of ecology (Record no. 38538)

MARC details
000 -LEADER
fixed length control field 00415nam a2200157Ia 4500
022 ## - INTERNATIONAL STANDARD SERIAL NUMBER
ISSN 1116753X
050 ## - CALL MARK
Classification number QH 540 .N54/
245 #0 - TITLE STATEMENT
Title Nigerian journal of ecology
260 ## - PUBLICATION, DISTRIBUTION, ETC. (IMPRINT)
Place of publication Ibadan, Oyo State.
260 ## - PUBLICATION, DISTRIBUTION, ETC. (IMPRINT)
Name of publisher Ecology Society of Nigeria, University of Ibadan.
260 ## - PUBLICATION, DISTRIBUTION, ETC. (IMPRINT)
Year of publication 2014
300 ## - PHYSICAL DESCRIPTION
Number of Pages 126 p. : ill. ; 30 cm.
942 ## - ADDED ENTRY ELEMENTS (KOHA)
Koha item type Serials

No items available.